000 00792nam a2200265 c 4500
003 BLK
005 20180420221339.0
008 180408b bul|||||r ||||||| ||bul||
010 _aKNG00045558000
020 _a2-03-710218-6
_bиздат.: Larousse
040 _aBLK
041 _aFRE
_cFRE
080 _aРими
_b801.66
_x(038)
_z801.66(038)
100 1 _aWarnant, Leon
_eпърви автор
_927665
139 _aWARNANT, Leon
_b
245 1 0 _aDictionnaire des rimes orales et ecrites
_cLeon Warnant.
260 Paris
_bLarousse
_c1994
300 _aLX, 573 с
_c18 см
490 1 _aReferences Larousse ; Langue Francaise
852 _aЦб І 30004
856 4 _qpdf
_u
856 4 _qpdf
_u
942 _cKNG
_n0
944 _aCR
_c01.01.1999
_kТеодора_Стоянова
944 _aED
_c12.12.2013
_k
999 _c41954
_d41954